Uplatnenie municipálnej politiky v krajinách Európskej únie
Článok je zameraný na problematiku municipálnej politiky a jej uplatnenia v jednotlivých krajinách EÚ. Municipatita - územná jednotka, ktorá z hľadiska priestorovej štruktúry štátu, resp. z hľadiska územného členenia štátu tvorí jeho najnižšiu priestorovú jednotku. V článku boli použité materiály z...
Gespeichert in:
| 1. Verfasser: | |
|---|---|
| Format: | Buchkapitel |
| Sprache: | Slowakisch |
| Schlagworte: | |
| Tags: |
Keine Tags, Fügen Sie das erste Tag hinzu!
|
MARC
| LEADER | 00000naa$a2200000$$$4500 | ||
|---|---|---|---|
| 001 | 0080555 | ||
| 005 | 20231018091950.4 | ||
| 041 | 0 | |a slo | |
| 044 | |a SK | ||
| 245 | 1 | 0 | |a Uplatnenie municipálnej politiky v krajinách Európskej únie |c Eva Harbutová |
| 520 | |a Článok je zameraný na problematiku municipálnej politiky a jej uplatnenia v jednotlivých krajinách EÚ. Municipatita - územná jednotka, ktorá z hľadiska priestorovej štruktúry štátu, resp. z hľadiska územného členenia štátu tvorí jeho najnižšiu priestorovú jednotku. V článku boli použité materiály z problematiky verejnej správy, hlavne z problematiky územnej samosprávy, kde sa autorka orientuje na miestnu municipálnu samosprávu a politiku. | ||
| 610 | 2 | 0 | |a samospráva |
| 610 | 2 | 0 | |a samospráva miestna |
| 610 | 2 | 0 | |a obce |
| 610 | 2 | 0 | |a kooperácia |
| 100 | 1 | |a Harbutová, Eva | |